| 000 | 00734nam a2200253Ia 4500 | ||
|---|---|---|---|
| 003 | OSt | ||
| 005 | 20220928102849.0 | ||
| 006 | a|||||r|||| 00| 0 | ||
| 007 | ta | ||
| 008 | 220927b |||||||| |||| 00| 0 eng d | ||
| 020 | _c300 | ||
| 024 | _a106601 | ||
| 037 |
_b1140, 10/03/2010, Kiran Book Service _cTextual |
||
| 040 |
_aSDCL _cSDCL _beng |
||
| 041 |
_2eng _aeng |
||
| 082 | _aO1(Y15), 3Nx, Q0 | ||
| 100 |
_aUpadhyay Indramani Tr. _9400935 |
||
| 245 | 0 | _aUska ekant. | |
| 260 |
_aMeerut _bSamvad Prakashan _c2010 |
||
| 300 |
_a186p _ccm. |
||
| 650 |
_aHindi _9391598 |
||
| 942 |
_hO1(Y15), 3Nx, Q0 _cTEXL _2CC |
||
| 999 |
_c716812 _d716812 |
||